La filosofía hoy

Uloženo v:
Podrobná bibliografie
Hlavní autor: Sciacca, Michele Federico
Médium: Kniha
Jazyk:Undetermined
Vydáno: Barcelona, España Miracle 1947
Témata:
Tagy: Přidat tag
Žádné tagy, Buďte první, kdo vytvoří štítek k tomuto záznamu!

MARC

LEADER 00000nam a2200000Ia 4500
008 170316s9999 xx 000 0 und d
090 |a 100 S-31f 
100 |a Sciacca, Michele Federico 
245 |a La filosofía hoy 
260 |a Barcelona, España 
260 |b Miracle 
260 |c 1947 
300 |a 444 páginas 
650 |a FILOSOFÍA 
999 |c 17606  |d 17606 
040 |a cru BVZT 
942 |c 15 D  |h 100 S-31f  |2 z